|
|
|
|
| LEADER |
00762nab a2200193 i 4500 |
| 001 |
acta4208 |
| 005 |
20210608102447.0 |
| 008 |
161015s1988 hu o 0|| hun d |
| 022 |
|
|
|a 0324-7260
|
| 040 |
|
|
|a SZTE Egyetemi Kiadványok Repozitórium
|b hun
|
| 041 |
|
|
|a hun
|
| 100 |
1 |
|
|a Duró Lajos
|
| 245 |
1 |
0 |
|a Várkonyi (Hildebrand) Dezső fejlődéslélektani munkássága
|h [elektronikus dokumentum] /
|c Duró Lajos
|
| 260 |
|
|
|c 1988
|
| 300 |
|
|
|a 163-170
|
| 490 |
0 |
|
|a Acta Universitatis Szegediensis de Attila József nominatae : sectio paedagogica et psychologica
|v 30
|
| 695 |
|
|
|a Neveléstudomány, Várkonyi Hildebrand Dezső
|
| 700 |
0 |
1 |
|a Várkonyi Hildebrand Dezső
|e aut
|
| 856 |
4 |
0 |
|u http://acta.bibl.u-szeged.hu/4208/1/paed_psych_030_163-170.pdf
|z Dokumentum-elérés
|